000 00262nam a2200097Ia 4500
001 764403
005 20250826165302.0
008 250824s9999 xx 000 0 und d
245 0 _aARŞİMET ZEKAİ GİZEMLİ MAĞARA
_cDURAN ÇETİN
260 _bATLIKARINCA YAYINLARI
999 _c764403
_d764403